Structure in the social studies (Record no. 1356017)

MARC details
000 -LEADER
fixed length control field 00732nam a2200241Ia 4500
005 - DATE AND TIME OF LATEST TRANSACTION
control field 20250508155321.0
008 - FIXED-LENGTH DATA ELEMENTS--GENERAL INFORMATION
fixed length control field 008 250505s9999 xx 000 0 eng d
037 ## - SOURCE OF ACQUISITION
Stock number TextBook
040 ## - CATALOGING SOURCE
Original cataloging agency FEDL
Language of cataloging eng
Transcribing agency FEDL
041 ## - LANGUAGE CODE
Language code of text/sound track or separate title eng
Source of code eng
084 ## - COLON CLASSIFICATION NUMBER
Classification number 300.7, NAT
Assigning agency FEDL
100 ## - MAIN ENTRY--PERSONAL NAME
Personal name Hebbrt Louis J
9 (RLIN) 766851
245 #0 - TITLE STATEMENT
Title Structure in the social studies
245 #0 - TITLE STATEMENT
Statement of responsibility, etc. National Council for the social studies
260 ## - PUBLICATION, DISTRIBUTION, ETC.
Place of publication, distribution, etc. Washington, USA
Name of publisher, distributor, etc. National Council for the Social Studies
300 ## - PHYSICAL DESCRIPTION
Extent ix, 110p
365 ## - TRADE PRICE
Price type code Gifted
490 ## - SERIES STATEMENT
Series statement Social Studies Readings No 3
650 ## - SUBJECT ADDED ENTRY--TOPICAL TERM
Topical term or geographic name entry element Social Sciences-Teaching
9 (RLIN) 757285
700 ## - ADDED ENTRY--PERSONAL NAME
Personal name Murphy William
9 (RLIN) 766852
942 ## - ADDED ENTRY ELEMENTS (KOHA)
Koha item type Textbook
Classification part 300.7, NAT
Holdings
Withdrawn status Lost status Damaged status Not for loan Home library Current library Date acquired Total Checkouts Full call number Barcode Date last seen Price effective from Koha item type
        Department of Education Library Department of Education Library 2025-05-08   300.7, NAT EL0041020 2025-05-08 2025-05-08 Textbook
Copyright @ Delhi University Library System